000 00432nam a2200133Ia 4500
008 170221s9999 xx 000 0 und d
100 _aEmma Short
245 4 _aThe Impact of Cyberstalking
245 _cEmma Short, Andrew Guppy, Jacqui A. Hart, James Barnes
260 _bStudies in Media and Communication
650 _xCommunication
650 _xMedia Arts
856 _uhttp://redfame.com/journal/index.php/smc/issue/view/45
999 _c312827
_d312827